Evaluation of yield potential of Hevea clones in Assam (Record no. 52699)

MARC details
000 -LEADER
fixed length control field 00725nam a2200229Ia 4500
100 ## - MAIN ENTRY--AUTHOR NAME
Personal name Mondal G.C.
245 #0 - TITLE STATEMENT
Title Evaluation of yield potential of Hevea clones in Assam
260 ## - PUBLICATION, DISTRIBUTION, ETC. (IMPRINT)
Name of publisher In: Preprints of Papers. International Natural Rubber Conference, India 2005, 6-8 November 2005, Rubber Research Institute of India, Kottayam, Kerala, India, pp. 43-49.
Year of publication 2005
650 ## - SUBJECT ADDED ENTRY--TOPICAL TERM
Topical Term Agroclimate
650 ## - SUBJECT ADDED ENTRY--TOPICAL TERM
Topical Term Assam
650 ## - SUBJECT ADDED ENTRY--TOPICAL TERM
Topical Term Clone evaluation
650 ## - SUBJECT ADDED ENTRY--TOPICAL TERM
Topical Term Dry rubber content
650 ## - SUBJECT ADDED ENTRY--TOPICAL TERM
Topical Term Variability
700 ## - ADDED ENTRY--PERSONAL NAME
Personal name Chaudhuri D.
700 ## - ADDED ENTRY--PERSONAL NAME
Personal name Gohain T.
700 ## - ADDED ENTRY--PERSONAL NAME
Personal name Mandal D.
700 ## - ADDED ENTRY--PERSONAL NAME
Personal name Nair R.B.
700 ## - ADDED ENTRY--PERSONAL NAME
Personal name Nazeer M.A.
700 ## - ADDED ENTRY--PERSONAL NAME
Personal name Singh R.P.
942 ## - ADDED ENTRY ELEMENTS (KOHA)
Koha item type Bibliography STAF
Holdings
Withdrawn status Lost status Damaged status Not for loan Home library Current library Date acquired Koha item type
      Bibliography RRII Library RRII Library 09/04/2014 Bibliography STAF